00585nam a2200169 a 450000100100000000500170001000800410002704000250006808200160009310000350010924500730014426000370021730000210025404900090027595201140028499900170039800002716720200930030639.0110330s2004 mx 000 0 spa d aDO-SdBNPbspacBNPHU axxxxbB641c1 aBlanco Fombona, Horacio92384210aCrimenes del imperialismo norteamericano. /cHoracio Blanco Fombona. aMéxico :bChurubusco,c[197-]? a144 p. ;c22 cm. aBNPD 001050718MOaPDbPDcCTd2011-03-30iLF1l0oxxxx B641cp27167-10r2020-06-25w2020-06-25y1ZNo se presta c26659d26659